000 04435njm0a2200541 4500
001 RU\NLR\ONIZ\302955
005 20260215045239.0
035 _a(NLR Aleph) 022722361
071 0 0 _aД-00014605-6
090 _a13550526
_c13550526
100 _a20260215 rusy50
102 _aRU
126 _aabaxcxu ux
_bxxx
127 _a001100
145 0 _ac
200 1 _a[Песни]
_bЗвукозапись
_fА. Бабаджанян
_gисполняют: Муслим Магомаев, пение, Ансамбль солистов п/у В. Людвиковского (1), Эстрадный оркестр п/у Ю. Силантьева (2), Эстрадный оркестр п/у А. Бабаджаняна (3, 4)
203 _aМузыка
_bисполнительская
_cаудио
210 _aЛенинград
_cАккорд
_d[19--]
215 _a1 грп. [ГОСТ 5289-61] (11 мин) : 33 об/мин, моно
_d17, 5 см, в конв.
327 1 _a1. Помню Болгарию / [автор слов]: А. Жаров.
_a2. Ожидание / [автор слов]: Г. Регистан.
_a3. Не спеши / [автор слов]: Е. Евтушенко.
_a4. Лучший город земли / [автор слов]: Л. Дербенев
464 0 _12001#$aПомню Болгарию$f[автор слов]: А. Жаров
_1702#1$9z01790$aЖаров$bА. А.$gАлександр Алексеевич$f1904-1984$4520$7ca
_1790#1$9z01702$aŽarov$bA.$gAlexander$f1904-1984$4520$7ba
_tПомню Болгарию
464 0 _12001#$aОжидание$f[автор слов]: Г. Регистан
_1702#1$9z01790$aРегистан$bГ. Г.$gГарольд Габриэльевич$cпоэт$f1924-1999$4520$7ca
_1790#1$9z01702$aRegistan$bG. G.$gGarol`d Gabri'el`evich$f1924-1999$4520$7ba
_tОжидание
464 0 _12001#$aНе спеши$f[автор слов]: Е. Евтушенко
_1702#1$9z01790$aЕвтушенко$bЕ. А.$gЕвгений Александрович$f1933-2017$4520$7ca
_1790#1$9z01702$aEvtušenko$bE. A.$gEvgenij Aleksandrovič$f1933-2017$4520$7ba
_tНе спеши
464 0 _12001#$aЛучший город земли$f[автор слов]: Л. Дербенев
_1702#1$9z01790$aДербенёв$bЛ. П.$gЛеонид Петрович$cпоэт$f1931-1995$4520$7ca
_1790#1$9z01702$aDerbenjov$bL. P.$gLeonid Petrovič$f1931-1995$4520$7ba
_tЛучший город земли
606 1 _aПесни эстрадные для голоса и оркестра советские армянские
_z20 в.
_jЗвукозапись
_2nlr_sh
_7ca
606 1 _aПевцы эстрадные советские азербайджанские
_z20 век
_jЗвукозапись
_2nlr_sh
606 1 _aОркестры эстрадно-симфонические советские и российские
_z20 век
_jЗвукозапись
_2nlr_sh
686 0 _aЩ943.4-041.5я44(2)
700 1 _9z05790
_aБабаджанян
_bА. А.
_f1921-1983
_gАрно Арутюнович
_4230
_4250
_7ca
702 1 _9z02790
_aМагомаев
_bМ. М.
_f1942-2008
_gМуслим Магометович
_4721
_7ca
702 1 _9z03790
_aЛюдвиковский
_bВ. Н.
_cдирижёр
_f1925-1995
_gВадим Николаевич
_4250
_7ca
702 1 _9z04790
_aСилантьев
_bЮ.В.
_cдирижёр
_f1919-1983
_gЮрий Васильевич
_4250
_7ca
712 0 2 _aАнсамбль солистов под управлением В. Людвиковского
_4590
_7ca
712 0 2 _9z06791
_aЭстрадно-симфонический оркестр ЦТ и ВР
_4590
_7ca
712 0 2 _aЭстрадный оркестр под управлением А. Бабаджаняна
_4590
_7ca
790 1 _9z02702
_aMagomaev
_bM. M.
_f1942-2008
_gMuslim Magometovič
_4721
_7ba
790 1 _9z03702
_aLjudvikovskij
_bV. N.
_cconductor
_f1925-1995
_gVadim Nikolaevič
_4250
_7ba
790 1 _9z04702
_aSilant`jev
_bJ.
_cconductor
_f1919-1983
_gJurij
_4250
_7ba
790 1 _9z05700
_aBabadžanjan
_bA. A.
_f1921-1983
_gArno Arutjunovič
_4230
_4250
_7ba
791 0 2 _9z06712
_aЭстрадный оркестр под управлением Ю. Силантьева
_4590
_7ca
801 0 _aRU
_bNLR
_c20231011
_gPSBO
801 1 _aRU
_bNLR
_c20231011
_2rusmarc
801 2 _aRU
_bNLR
_c20260130
852 _aNLR
_gМг
_j1/154
_m2512
_t1
942 _cREC
980 _aONIZ
980 _aNB